000 00665nam a2200217 u 4500
005 20240924071255.0
008 121003s2007 r 000 0 eng d
020 _a9788483329733
035 _aUPN01000186918
049 _aI
050 4 _aPZ74.9
_bC3.28
100 1 _aCasanovas i Romeu, Angels
_933294
245 1 1 _a¡A vestirse! /
_cÁngels Casanovas ; il. Isabel Caruncho.
260 _aBarcelona, Esp. :
_bVox,
_c2007.
300 _a[22] p. :
_bprincipalmente il. col.
440 4 _aLas historias de Álex
650 4 _aLibros y lectura para niños
_92290
650 4 _aLiteratura infantil
_94445
700 1 _aCaruncho, Isabel,
_eil.
905 _aInfantil
999 _c159021
_d159021